Концепция моделирования бизнес-процессов транспортно-логистического кластера на примере Белгородского региона (Запись № 9900965)

Подробности
000 -МАРКЕР
контрольное поле 01849nam0a2200373 i 4500
001 - ИДЕНТИФИКАТОР ЗАПИСИ
контрольное поле RU\NLR\BIBL_A\010740501
005 - ИДЕНТИФИКАТОР ВЕРСИИ
контрольное поле 20260405135000.0
021 ## - НОМЕР ГОСУДАРСТВЕННОЙ РЕГИСТРАЦИИ
Код страны Российская Федерация
Номер 2015-19180
Номер Листа государственной регистраци 1145
035 ## - ДРУГИЕ СИСТЕМНЫЕ НОМЕРА
Идентификатор записи (NILC)LIBNET\0000523245
035 ## - ДРУГИЕ СИСТЕМНЫЕ НОМЕРА
Идентификатор записи BEL\BIBL\0001060357
035 ## - ДРУГИЕ СИСТЕМНЫЕ НОМЕРА
Идентификатор записи (NLR Aleph) 010740501
100 ## - ДАННЫЕ ОБЩЕЙ ОБРАБОТКИ
Данные общей обработки 20150427d2013 k y0rusy50 ca
101 0# - ЯЗЫК РЕСУРСА
Язык текста, звукозаписи и т.д. русский
102 ## - СТРАНА ПУБЛИКАЦИИ ИЛИ ПРОИЗВОДСТВА
Страна публикации Российская Федерация
105 ## - ПОЛЕ КОДИРОВАННЫХ ДАННЫХ: ТЕКСТОВЫЕ МАТЕРИАЛЫ, МОНОГРАФИЧЕСКИЕ
Кодированные данные о монографическом текстовом документе a z 000yy
200 1# - ЗАГЛАВИЕ И СВЕДЕНИЯ ОБ ОТВЕТСТВЕННОСТИ
Основное заглавие Концепция моделирования бизнес-процессов транспортно-логистического кластера на примере Белгородского региона
Сведения, относящиеся к заглавию монография
Первые сведения об ответственности [С.Н. Глаголев, Ю.А. Дорошенко, Н.Г. Горшкова и др.]
210 ## - ПУБЛИКАЦИЯ, РАСПРОСТРАНЕНИЕ И ДР.
Место издания, распространения и т.д. Белгород
Имя издателя, распространителя и т. д. Изд-во БГТУ
Дата издания, распространения и т.д. 2013
215 ## - ФИЗИЧЕСКАЯ ХАРАКТЕРИСТИКА
Специфическое обозначение материала и объем 150 с.
Другие сведения о физической характеристике ил., цв. ил.
Размеры 21
300 ## - ОБЩИЕ ПРИМЕЧАНИЯ
Текст примечания Авт. указаны на обороте тит. л.
606 1# - НАИМЕНОВАНИЕ ТЕМЫ КАК ПРЕДМЕТ
Наименование темы Логистика транспортная
Географический подзаголовок Белгородская область
Системный номер авторитетной/нормативной записи 2256865
Идентификатор авторитетной/нормативной записи RU\NLR\AUTH\6601583529
686 ## - ИНДЕКСЫ ДРУГИХ КЛАССИФИКАЦИЙ
Индекс 65.9(2Рос-4Бел)
Издание LBC/M
Код системы
686 1# - ИНДЕКСЫ ДРУГИХ КЛАССИФИКАЦИЙ
Индекс У37(2)-59(2Р-4Бл)в611
701 #1 - ИМЯ ЛИЦА - АЛЬТЕРНАТИВНАЯ ОТВЕТСТВЕННОСТЬ
Начальный элемент ввода Глаголев
Часть имени, кроме начального элемента ввода С. Н.
Расширение инициалов личного имени Сергей Николаевич
701 #1 - ИМЯ ЛИЦА - АЛЬТЕРНАТИВНАЯ ОТВЕТСТВЕННОСТЬ
Графика поля Кириллица
Материалы, к которым относится поле rus
Начальный элемент ввода Дорошенко
Часть имени, кроме начального элемента ввода Ю. А.
Дополнения к именам, кроме дат д-р экон. наук, инновационно-инвестиц. деятельность
Даты 1957-
Расширение инициалов личного имени Юрий Анатольевич
Системный номер авторитетной/нормативной записи 38386
Идентификатор авторитетной/нормативной записи RU\NLR\AUTH\7755454
701 #1 - ИМЯ ЛИЦА - АЛЬТЕРНАТИВНАЯ ОТВЕТСТВЕННОСТЬ
Начальный элемент ввода Горшкова
Часть имени, кроме начального элемента ввода Н. Г.
Расширение инициалов личного имени Нина Георгиевна
801 #0 - ИСТОЧНИК ЗАПИСИ
Страна Российская Федерация
Организация Белгородская ГУНБ
Дата составления 20150206
Правила каталогизации PSBO
801 #1 - ИСТОЧНИК ЗАПИСИ
Страна Российская Федерация
Организация Белгородская ГУНБ
Дата составления 20150206
Источник данных rusmarc
801 #2 - ИСТОЧНИК ЗАПИСИ
Страна Российская Федерация
Организация Белгородская ГУНБ
Дата составления 20150218
Источник данных rusmarc
830 ## - ОБЩЕЕ ПРИМЕЧАНИЕ, СОСТАВЛЕННОЕ КАТАЛОГИЗАТОРОМ
Текст примечания 065
942 ## - ДОПОЛНИТЕЛЬНЫЕ ЭЛЕМЕНТЫ ЗАПИСИ (АБИС)
Тип экземпляра АБИС Книга
980 ## - КОЛЛЕКЦИЯ
Название коллекции НБР

Нет доступных экземпляров.